000 00243nam a2200097Ia 4500
001 689211
005 20250826161630.0
008 250824s9999 xx 000 0 und d
245 0 _aEMİR TİMUR
_cAHMET ŞİMŞİRGİL
260 _bTİMAŞ YAYINLARI
999 _c689211
_d689211